Statistics for Golden Raspberry for Worst Actress

Click here to take the quiz!

General Stats

  • This quiz has been taken 18,905 times
    (489 since last reset)
  • The average score is 14 of 36

Answer Stats

YearMoviesActress% Correct
2005CatwomanHalle Berry
86%
2011Sex and the City 2Sarah Jessica
Parker
80%
2013Snow White and the Huntsman / The Twilight Saga: Breaking Dawn - Part 2Kristen Stewart
78%
2016Fifty Shades of GreyDakota Johnson
72%
1997, 1998The Juror / Striptease / G.I. JaneDemi Moore
71%
1995, 2007Intersection / The Specialist / Basic Instinct 2Sharon Stone
71%
1987, 1988, 1994, 2001, 2003Shanghai Surprise / Who's That Girl? / Body of Evidence / The Next Best Thing / Swept AwayMadonna
67%
2004GigliJennifer Lopez
64%
2012Jack and JillAdam Sandler
59%
1999Spice WorldThe Spice Girls
55%
1981The Blue LagoonBrooke Shields
53%
2011Sex and the City 2Kim Cattrall
49%
2002GlitterMariah Carey
47%
2014A Madea Christmas / Boo 2! A Madea HalloweenTyler Perry
45%
2015The Other Woman /
Sex Tape
Cameron Diaz
44%
2003CrossroadsBritney Spears
43%
2010All About SteveSandra Bullock
43%
2011Sex and the City 2Cynthia Nixon
37%
1995ShowgirlsElizabeth Berkley
35%
1982Mommie DearestFaye Dunaway
32%
2011Sex and the City 2Kristin Davis
32%
2019The Happytime MurdersMelissa McCarthy
32%
2008I Know Who Killed MeLindsay Lohan
30%
1989Arthur 2: On the Rocks / Rent-A-CopLiza Minnelli
30%
2006Dirty LoveJenny McCarthy
29%
1982, 1985, 1991Tarzan, the Ape Man / Bolero / Ghosts Can't Do ItBo Derek
28%
2009The Hottie and the NottieParis Hilton
27%
2020The Haunting of
Sharon Tate
Hilary Duff
17%
1983, 1984Butterfly, The Lonely LadyPia Zadora
12%
1993Shining Through / A Stranger Among UsMelanie Griffith
11%
2000The Blair Witch ProjectHeather Donahue
9%
1990The Return of Swamp ThingHeather Locklear
9%
1992A Kiss Before DyingSean Young
9%
1986Night Patrol / Savage Island / Savage StreetsLinda Blair
8%
2017Hillary's AmericaRebekah Turner
7%
2021Diana: The MusicalJeanna de Waal
6%

Score Distribution

Percentile by Number Answered

Percent of People with Each Score

Your Score History

You have not taken this quiz since the last reset